Odors: physiology and control

Збережено в:
Бібліографічні деталі
Автори: McCord, Carey P. (autor), Witheridge, William N (Автор)
Формат: Книга
Мова:Англійська
Опубліковано: Nueva York McGraw-Hill 1949
Предмети:
Теги: Додати тег
Немає тегів, Будьте першим, хто поставить тег для цього запису!

MARC

LEADER 00000nam a2200000 a 4500
001 UCU7669
003 CL-VaPUC
008 960705e19490000US |||||||||||||||||eng|d
082 0 4 |a 668.5  |b MCC  |2 21 
100 |a McCord, Carey P.  |e autor  |9 366650 
700 0 |a Witheridge, William N  |e author  |9 366651 
245 1 0 |a Odors: physiology and control 
300 |a 405 p 
942 |c BK 
945 |d 19960705 00:00:00  |a paguirre 
260 |a Nueva York  |b McGraw-Hill  |c 1949 
650 0 |a Tecnología química   |9 263002 
650 7 |a COSMETICOS  |2 CL-VaPUC  |9 259644 
650 0 |a Acetona  |9 366649 
650 0 |a Olfato  |9 334604 
650 7 |a CONTROL DE OLORES  |2 CL-VaPUC  |9 347488 
650 7 |a OLORES DESAGRADABLES  |2 CL-VaPUC  |9 366653 
583 |a last modification  |c 19960705 00:00:00  |k Rodrigo Vera 
999 |c 250261  |d 250259 
952 |0 0  |1 0  |4 0  |6 668_500000000000000_MCC_1949  |7 0  |8 A  |9 268163  |a BIBING  |b BIBING  |d 2019-11-19  |i 1694901  |o 668.5 MCC 1949  |p 1694901  |r 2025-01-20  |w 2019-11-19  |y BK  |k EIB